000 00644nam a2200241 i 4500
001 C2-0043034
003 PPAK
005 20190630222055.0
008 970225s1991 enk |||| ||||| | eng d
020 _a0340546085
040 _aPPAK
_beng
_cPPAK
_erda
082 0 4 _a808.83
_223
090 0 0 _a808.83
_bCHA
_dG
100 1 _aChabon, Michael,
_eauthor
245 1 2 _aA model world and other stories
264 1 _aLondon :
_bHodder & Stoughton ,
_c1991
300 _a207 pages ;
_c22 cm
336 _2rdacontent
_atext
337 _2rdamedia
_aunmediated
338 _2rdacarrier
_avolume
650 1 0 _aShort stories, English
942 _ddc
_cB
999 _c6642
_d6642